| 000 | 00662nam a2200241 a 4500 | ||
|---|---|---|---|
| 001 | 38846 | ||
| 003 | UkOxU | ||
| 005 | 20211209052853.0 | ||
| 008 | 860101s19211963enk 000 0 eng d | ||
| 035 | _a38955 | ||
| 040 |
_aPLF _cPLF _dTAG _dEQO _beng |
||
| 041 | _aeng | ||
| 082 |
_221 _a809.3 _bLUC 1963 |
||
| 090 |
_aPN3355 _b.L8 |
||
| 100 | 1 |
_aLubbock, Percy, _d1879-1965. _9119798 |
|
| 245 | 1 | 4 |
_aThe craft of fiction / _cPercy Lubbock |
| 260 |
_aLondon : _bJ. Cape, _c1954 [Reprinted 1963] |
||
| 300 |
_a276 p ; _c19 cm. |
||
| 490 | 1 | _aTravellers' library | |
| 650 | 0 |
_aFiction _xTechnique _9119799 |
|
| 830 | 0 |
_aTravellers' library _9119800 |
|
| 942 |
_2ddc _cBK |
||
| 999 |
_c38846 _d38846 |
||